Normal view MARC view

Entry Personal Name

Number of records used in: 1

001 - CONTROL NUMBER

  • control field: 82004

003 - CONTROL NUMBER IDENTIFIER

  • control field: dpl

005 - DATE AND TIME OF LATEST TRANSACTION

  • control field: 20250613120320.0

008 - FIXED-LENGTH DATA ELEMENTS

  • fixed length control field: 250613|| aca||aabn | a|a d

040 ## - CATALOGING SOURCE

  • Original cataloging agency: dpl
  • Transcribing agency: dpl

100 ## - HEADING--PERSONAL NAME

  • Personal name: सुरजीत

670 ## - SOURCE DATA FOUND

  • Source citation: Work cat.: (dpl)210487: सुरजीत, निर्दोष हत्यारा, 2022

© Delhi Public Library
Hit Counter
free hit counter